000 00302nam a2200121Ia 4500
008 180730s9999||||xx |||||||||||||| ||und||
082 _a344.01
_bMIS/L
100 _aMishra, S. N.
245 0 _aLabour & Industrial Law
260 _aAllahabad
_bCentral Law Publications
_c2016
300 _a1207
942 _cBK
999 _c125
_d125